00343nam a2200145Ia 45000030006000000080041000060400015000471000021000622450034000832500006001172600039001233000006001625460012001680050017001800STCL150530s9999 xx 000 0 und d aSTCLcSTCL aRadovanovic Voja aProblem Book in Quantum Field a2 bSpring books; Londonc2010aLondon a0 aEnglish20220125170104.0